The New Psychometrics : Science, Psychology and Measurement /
Crítica a las bases científicas de las pruebas psicológicas, en la que el autor argumenta que formas verdaderamente científicas de medición pueden ser desarrollados mediante el uso de la teoría de la medición para crear una nueva psicometría. Aunque los resultados de los tests han mostrado su utilid...
Enregistré dans:
| Auteur principal: | |
|---|---|
| Format: | Livre |
| Langue: | anglais |
| Publié: |
Londres, Inglaterra :
Routledge,
1998, c1998
|
| Sujets: | |
| Tags: |
Pas de tags, Soyez le premier à ajouter un tag!
|
MARC
| LEADER | 00000nam^a2200000^a^4500 | ||
|---|---|---|---|
| 001 | 000158117 | ||
| 005 | 20250521000000.0 | ||
| 009 | 20260310100603.265 | ||
| 020 | |a 0-415-22821-2 | ||
| 037 | |a Acervo ITESO - Biblioteca | ||
| 041 | |a ING | ||
| 082 | |a 155. 28 |b KLI | ||
| 100 | |a Kline, Paul |e (autor) | ||
| 245 | 1 | 4 | |a The New Psychometrics : |b Science, Psychology and Measurement / |c P. Kline. |
| 264 | 4 | |a Londres, Inglaterra : |b Routledge, |c 1998, c1998 | |
| 300 | |a XIV, 224 p. | ||
| 336 | |a texto |b txt |2 rdacontenido | ||
| 337 | |a sin mediación |b n |2 rdamedio | ||
| 338 | |a volumen |b nc |2 rdasoporte | ||
| 520 | |a Crítica a las bases científicas de las pruebas psicológicas, en la que el autor argumenta que formas verdaderamente científicas de medición pueden ser desarrollados mediante el uso de la teoría de la medición para crear una nueva psicometría. Aunque los resultados de los tests han mostrado su utilidad, para Paul Kline varios factores psicológicos son poco más que descripciones estadísticas de conjuntos particulares de datos y tienen una significación mínima o nula. Una nueva psicometría supondría transformar los fundamentos de la psicología y su conversión de una ciencia social en una ciencia pura. | ||
| 649 | |a XX | ||
| 650 | |a Pruebas Psicológicas | ||
| 650 | |a Psicometría | ||
| 650 | |a Personalidad | ||
| 650 | |a Psicología Diferencial | ||
| 650 | |a Motivación | ||
| 650 | |a Inteligencia | ||
| 650 | |a Psicología Cognitiva | ||
| 650 | |a Método Científico | ||
| 650 | |a Psicología - |x Teoría | ||
| 910 | |a Fondo General | ||
| 920 | |a Impresos - Libros | ||
| 930 | |a Colección General | ||
| 905 | |a 101 | ||
| 901 | |a 0500089504 |b IT1 |c ACC |u 20250521 | ||
| 902 | |a https://opac.biblio.iteso.mx/vufind/Record/000158117 | ||